[Event "2016 Standard Chess Dropout Tournament, Round 2"]
[Site "SchemingMind.com"]
[Date "2016.03.19"]
[Round "2"]
[White "David Perna-Fraser"]
[Black "clare1347"]
[Result "1-0"]
[WhiteCountry "CAN"]
[BlackCountry "ENG"]
[WhiteElo "2351"]
[WhiteRD "67"]
[BlackElo "2239"]
[BlackRD "83"]
[GameID "396840"]

1. e4 d5 2. exd5 Nf6 3. d4 Bg4 4. f3 Bf5 5. g4 Bg6 6. c4 e6 7. Nc3 exd5 8. g5 Nh5 9. f4 Na6 10. f5 Bxf5
11. Qxh5 Nb4 12. Kf2 Bg6 13. Qe2+ Be7 14. Nxd5 Nxd5 15. cxd5 O-O 16. Nf3 Re8 17. Qc4 Be4 18. Bf4 Bxf3 19. Kxf3 Bxg5 20. Be5 b5
21. Qb3 f6 22. d6+ Kh8 23. dxc7 Qe7 24. Bxb5 fxe5 25. Bxe8 Rxe8 26. dxe5 Qxe5 27. Rhe1 Rf8+ 28. Kg2 Qxc7 29. Rad1 h6 30. Re2 Qf4
31. Kh1 Qc7 32. Qb5 Qf7 33. Qd5 Qf6 34. b3 Qf4 35. Qe4 Qf7 36. b4 Bd8 37. b5 Ba5 38. Qd5 Qf4 39. Qg2
1-0

[Event "2016 Standard Chess Dropout Tournament, Round 2"]
[Site "SchemingMind.com"]
[Date "2016.03.17"]
[Round "2"]
[White "echecs"]
[Black "Mike Winslow"]
[Result "0-1"]
[WhiteCountry "ENG"]
[BlackCountry "USA"]
[WhiteElo "1838"]
[WhiteRD "65"]
[BlackElo "1975"]
[BlackRD "87"]
[GameID "396841"]

1. e4 c6 2. d4 d5 3. Nc3 dxe4 4. Nxe4 Nd7 5. Nf3 Ngf6 6. Ng3 e6 7. Be2 Be7 8. O-O O-O 9. c3 Qc7 10. Bg5 c5
11. a3 b6 12. dxc5 Nxc5 13. Qc2 Bb7 14. Rad1 Rfd8 15. h3 Nce4 16. Nxe4 Bxe4 17. Qa4 b5 18. Bxb5 Bxf3 19. gxf3 Qc5 20. Bh4 g5
21. Bg3 Nh5 22. Kg2 Bd6 23. Bxd6 Rxd6 24. Rxd6 Qxd6 25. Qg4 Nf4+ 26. Kh1 Qe5 27. Bc4 Kg7 28. h4 h6 29. Rg1 Kf6 30. Rd1 Rb8
31. b3 Qxc3 32. Kg1 Qa5 33. a4 Rd8 34. Rxd8 Qxd8 35. Kh2 Qd4 36. Kg1 Kg6 37. hxg5 hxg5 38. Qg3 a5 39. Qg4 f5 40. Qg3 Qd1+
41. Kh2 Qa1 42. Qg1= Qh8+ 43. Kg3 Qh3#
0-1

[Event "2016 Standard Chess Dropout Tournament, Round 2"]
[Site "SchemingMind.com"]
[Date "2016.03.14"]
[Round "2"]
[White "edg"]
[Black "simon_w"]
[Result "1/2-1/2"]
[WhiteCountry "USA"]
[BlackCountry "IRL"]
[WhiteElo "1727"]
[WhiteRD "58"]
[BlackElo "1777"]
[BlackRD "106"]
[GameID "396842"]

1. b3 e5 2. Bb2 Nc6 3. e3 Bc5 4. f4 d6 5. Bb5 Ne7 6. fxe5 dxe5 7. Bxe5 O-O 8. Bb2 Nf5 9. g3 Re8 10. Be2 Be6
11. Bg4 Qg5 12. Nh3 Qh6 13. O-O Rad8 14. Qf3 Nxe3 15. dxe3 Bxe3+ 16. Nf2 Bd5 17. Qf5 Be4 18. Qh5 Qd6 19. Nc3 Bg6 20. Qb5 Bb6
21. Na4 a6 22. Qc4 Re4 23. Qd3 Rxg4 24. Qxd6 Bxf2+ 25. Rxf2 Rxd6 26. Re1 f6 27. Ba3 Rd8 28. Nc5 Ne5 29. Nxb7 Re8 30. Rc1 Rd4
31. Nc5 Rd5 32. Rff1 Red8 33. Ne6 R8d7 34. Nf8 Rd8 35. Ne6 R8d7 36. Bb2 Bf7 37. Nf4 Rd2 38. Bc3 R2d6 39. h3 g5=
1/2-1/2

[Event "2016 Standard Chess Dropout Tournament, Round 2"]
[Site "SchemingMind.com"]
[Date "2016.03.16"]
[Round "2"]
[White "emvarela"]
[Black "Udo Sprang"]
[Result "0-1"]
[WhiteCountry "ARG"]
[BlackCountry "NED"]
[WhiteElo "1680"]
[WhiteRD "49"]
[BlackElo "2027"]
[BlackRD "130"]
[GameID "396843"]

1. e4 e5 2. Nf3 Nc6 3. Bb5 a6 4. Bxc6 dxc6 5. O-O Qd6 6. d3 Bg4 7. h3 Bh5 8. g4 Bg6 9. Nh4 Be7 10. Nxg6 hxg6
11. Qf3 O-O-O 12. Kg2 Qe6 13. Be3 Rf8 14. Nd2 Nf6 15. Rh1 Nd7 16. Nb3 f5 17. gxf5 gxf5 18. exf5 Rxf5 19. Qe2 Rf6 20. Rh2 Rg6+
0-1

[Event "2016 Standard Chess Dropout Tournament, Round 2"]
[Site "SchemingMind.com"]
[Date "2016.03.15"]
[Round "2"]
[White "flammablepawn"]
[Black "lawyertheologian"]
[Result "0-1"]
[WhiteCountry "USA"]
[BlackCountry "USA"]
[WhiteElo "1867"]
[WhiteRD "87"]
[BlackElo "1975"]
[BlackRD "95"]
[GameID "396844"]

1. b4 d5 2. Bb2 Bf5 3. Nf3 e6 4. e3 Nf6 5. b5 c5 6. c4 Nbd7 7. Be2 Bd6 8. O-O e5 9. d4 cxd4 10. exd4 e4
11. Ne5 Qc7 12. cxd5 Nxd5 13. Bc4 Bxe5 14. Bxd5 Bxh2+ 15. Kh1 Qd6 16. Bxf7+ Kxf7 17. Qh5+ g6 18. Qxh2 Qxh2+ 19. Kxh2 Rac8 20. Nc3 Nb6
21. Rac1 Rhd8 22. Rfd1 Nc4 23. Ba1 e3 24. fxe3 Nxe3 25. Re1 Nc2= 26. Bb2 Nxe1 27. Rxe1 Rxd4 28. Rd1 Rxd1 29. Nxd1 Rc2
0-1

[Event "2016 Standard Chess Dropout Tournament, Round 2"]
[Site "SchemingMind.com"]
[Date "2016.03.14"]
[Round "2"]
[White "frankly"]
[Black "Jari Laine"]
[Result "1-0"]
[WhiteCountry "ENG"]
[BlackCountry "FIN"]
[WhiteElo "2458"]
[WhiteRD "57"]
[BlackElo "2215"]
[BlackRD "99"]
[GameID "396845"]

1. e4 e6 2. d4 d5 3. Nc3 Nf6 4. Bg5 dxe4 5. Nxe4 Nbd7 6. Nf3 h6 7. Nxf6+ Nxf6 8. Be3 Bd6 9. Bd3 b6 10. Ne5 O-O
11. Qf3 Nd5 12. Bd2 Bb7 13. O-O-O c5 14. Nc4 Rb8 15. Nxd6 Qxd6 16. dxc5 bxc5 17. Qg4 Qe5 18. Rhe1 Qf6 19. c3 Rfd8 20. Qe4 Kf8
21. Qe5 Qxe5 22. Rxe5 Nb6 23. Be2 Bxg2 24. Rxc5 Na4 25. Rb5 Rxb5 26. Bxb5 Nxb2 27. Kxb2 Bf3 28. Kc2 Bxd1+ 29. Kxd1 Ke7 30. Ke2 Ra8
31. c4 a6 32. Bb4+ Kd8 33. Ba4 Rb8 34. a3 Kc8 35. Ke3 a5 36. Bf8 Rb1 37. Bxg7 Rh1 38. Bxh6 Rxh2 39. Bf4 Rh3+ 40. f3 Rh1
41. Be5 Rh5 42. Bc3 Kc7 43. Be8 Rc5 44. Bb5
1-0

[Event "2016 Standard Chess Dropout Tournament, Round 2"]
[Site "SchemingMind.com"]
[Date "2016.03.14"]
[Round "2"]
[White "FransEvers"]
[Black "Reun29"]
[Result "0-1"]
[WhiteCountry "NED"]
[BlackCountry "SUI"]
[WhiteElo "1857"]
[WhiteRD "116"]
[BlackElo "1925"]
[BlackRD "85"]
[GameID "396846"]

1. e4 c5 2. Nf3 d6 3. d4 cxd4 4. Nxd4 Nf6 5. Nc3 e6 6. g4 h6 7. Rg1 Nc6 8. h4 d5 9. Bb5 Bd7 10. exd5 Nxd5
11. Nxd5 exd5 12. Be3 Be7 13. Qd2 a6 14. Bxc6 bxc6 15. O-O-O O-O 16. Bxh6 gxh6 17. Qxh6 Bf6 18. Nf5 Re8 19. Qh5 Be6 20. Rde1 Bg7
21. Nh6+ Bxh6+ 22. Qxh6 Bd7 23. Ref1 Re6 24. Qh5 Qf6 25. g5 Qg6 26. Qd1 Rae8 27. f4 Re2 28. Re1 Rxe1 29. Rxe1 Re4 30. Rxe4 Qxe4
31. Qd2 Qh1+ 32. Qd1 Qxh4
0-1

[Event "2016 Standard Chess Dropout Tournament, Round 2"]
[Site "SchemingMind.com"]
[Date "2016.03.14"]
[Round "2"]
[White "fu_manchu"]
[Black "GBEDARD"]
[Result "0-1"]
[WhiteCountry "CAN"]
[BlackCountry "USA"]
[WhiteElo "1839"]
[WhiteRD "75"]
[BlackElo "2061"]
[BlackRD "78"]
[GameID "396847"]

1. d4 Nf6 2. c4 e6 3. Nf3 c5 4. g3 cxd4 5. Nxd4 d5 6. Bg2 e5 7. Nf3 d4 8. O-O Nc6 9. e3 d3 10. e4 Bg4
11. Qb3 Qd7 12. Nc3 Bxf3 13. Bxf3 d2 14. Bxd2 Nd4 15. Qd1 Nxf3+ 16. Qxf3 Qxd2 17. Rfd1 Qg5 18. Qd3 Bc5 19. Nd5 Nxd5 20. Qxd5 Qe7
21. Qd3 h5 22. h3 h4 23. g4 Qf6 24. Qd7+ Kf8 25. Rf1 Qf3 26. Qd1 Qg3+ 27. Kh1 Qxh3+ 28. Kg1 Qg3+ 29. Kh1 Bxf2 30. Qb3 Be3
31. Rxf7+ Kxf7 32. c5+ Kf8 33. Rf1+ Bf4
0-1

[Event "2016 Standard Chess Dropout Tournament, Round 2"]
[Site "SchemingMind.com"]
[Date "2016.03.19"]
[Round "2"]
[White "gabeeg"]
[Black "Karsten Kjeldsen"]
[Result "1-0"]
[WhiteCountry "USA"]
[BlackCountry "DEN"]
[WhiteElo "2269"]
[WhiteRD "105"]
[BlackElo "2238"]
[BlackRD "96"]
[GameID "396848"]

1. c4 Nf6 2. Nf3 g6 3. Nc3 Bg7 4. e4 e5 5. Nxe5 Nxe4 6. Nxe4 Bxe5 7. d4 Bg7 8. Bg5 f6 9. Be3 O-O 10. Nc3 Nc6
11. d5 Ne5 12. Be2 b6 13. d6 Bb7 14. O-O cxd6 15. Qxd6 f5 16. Nd5 Re8 17. Rad1 Nf7 18. Qb4 Bxd5 19. cxd5 Bf8 20. d6 Nh6
21. Bf3 Rc8 22. Bb7 Nf7 23. Bxc8 Qxc8 24. Rfe1 Re4 25. Bd4 Bxd6 26. Qa4 Qc6 27. Qxa7 Rg4 28. f3 Rxd4 29. Rxd4 Bc5 30. Qb8+ Kg7
31. Qf4 Qd6 32. Qxd6 Nxd6 33. Rd1 Nb5 34. Kf1 Nxd4 35. b4 Bxb4 36. Rxd4 Bc5 37. Rxd7+ Kg8 38. a4 h5 39. h4
1-0

[Event "2016 Standard Chess Dropout Tournament, Round 2"]
[Site "SchemingMind.com"]
[Date "2016.03.19"]
[Round "2"]
[White "Gagar"]
[Black "Apatchenlama"]
[Result "0-1"]
[WhiteCountry "ENG"]
[BlackCountry "GER"]
[WhiteElo "1588"]
[WhiteRD "107"]
[BlackElo "1994"]
[BlackRD "82"]
[GameID "396849"]

1. e4 e6 2. d4 d5 3. Nc3 Nf6 4. Bg5 Bb4 5. e5 h6 6. Bd2 Bxc3 7. bxc3 Ne4 8. Be3 Nxc3 9. Qd3 Na4 10. Qb3 Nb6
11. Nf3 Nc6 12. Bd3 Bd7 13. O-O Qe7 14. c3 Na5 15. Qb4 Qxb4 16. cxb4 Nac4 17. Bc1 a5 18. a3 axb4 19. Bc2 bxa3 20. Bb3 Bb5
21. Re1 Kd7 22. Re2 Nb2 23. Re3 Ra6 24. Ra2 Rha8 25. Bxb2 axb2 26. Rxb2 Ra1+ 27. Re1 Rxe1+ 28. Nxe1 Ra1 29. f4 Rxe1+ 30. Kf2 Rf1+
31. Kg3 Bd3 32. Rf2 Rxf2 33. Kxf2 Nc4 34. Ba4+ c6 35. Bd1 b5 36. g3 b4 37. Bb3 Na5 38. Bd1 b3 39. Bxb3 Nxb3 40. Ke3 Bc2
41. h4 h5 42. Kf2 Nxd4 43. Ke3 Nf5+ 44. Kd2 Be4
0-1

[Event "2016 Standard Chess Dropout Tournament, Round 2"]
[Site "SchemingMind.com"]
[Date "2016.03.14"]
[Round "2"]
[White "GBEDARD"]
[Black "David Perna-Fraser"]
[Result "0-1"]
[WhiteCountry "USA"]
[BlackCountry "CAN"]
[WhiteElo "2061"]
[WhiteRD "78"]
[BlackElo "2334"]
[BlackRD "67"]
[GameID "396850"]

1. e4 c5 2. Nf3 Nc6 3. d4 cxd4 4. Nxd4 g6 5. c4 Bg7 6. Be3 Nf6 7. Nc3 Ng4 8. Qxg4 Nxd4 9. Qd1 Ne6 10. Rc1 b6
11. Be2 Bb7 12. f3 Be5 13. Qd2 Qb8 14. Rd1 Bc6 15. g3 h5 16. f4 Bxc3 17. Qxc3 f6 18. Bf3 Qb7 19. Qc2 h4 20. g4 f5
21. Rd5 fxg4 22. Bxg4 Bxd5 23. exd5 O-O-O 24. O-O Nc7 25. a4 Kb8 26. Bf3 d6 27. a5 b5 28. cxb5 Qxb5 29. Bxa7+ Kxa7 30. Qxc7+ Qb7
31. Qc3 Rb8 32. Rf2 Rhc8 33. Qe3+ Ka8 34. Be4 Qb3 35. Qd2 Rc4 36. Bxg6 Ra4 37. Qe2 Rxa5 38. Qe1 Ra2 39. Kh1 h3 40. Bf5 Rg8
41. Be4 Qa4 42. Rf1 Rxb2 43. Rf3 Rgg2 44. Rxh3 Rge2 45. Rh8+ Kb7 46. Qf1 Qxe4+ 47. Kg1 Rg2+
0-1

[Event "2016 Standard Chess Dropout Tournament, Round 2"]
[Site "SchemingMind.com"]
[Date "2016.03.19"]
[Round "2"]
[White "Gerrish Gray"]
[Black "gabeeg"]
[Result "0-1"]
[WhiteCountry "ENG"]
[BlackCountry "USA"]
[WhiteElo "2234"]
[WhiteRD "98"]
[BlackElo "2272"]
[BlackRD "106"]
[GameID "396851"]

1. d4 f5 2. Bg5 h6 3. Bh4 g5 4. e3 Bg7 5. Bg3 d6 6. h4 g4 7. Nc3 Nf6 8. Bc4 Nc6 9. Nge2 Nh5 10. Qd2 e6
11. d5 exd5 12. Nxd5 Bxb2 13. Rd1 Nxg3 14. fxg3 Ne5 15. Bb5+ c6 16. Qb4 a6 17. Ba4 b5 18. Qxb2 bxa4 19. Ndf4 Ra7 20. O-O Rb7
21. Qa3 d5 22. Qc3 Re7 23. e4 fxe4
0-1

[Event "2016 Standard Chess Dropout Tournament, Round 2"]
[Site "SchemingMind.com"]
[Date "2016.03.16"]
[Round "2"]
[White "Glenn O'Brien"]
[Black "Alessandro Dotti Contra"]
[Result "0-1"]
[WhiteCountry "AUS"]
[BlackCountry "ITA"]
[WhiteElo "1995"]
[WhiteRD "80"]
[BlackElo "2029"]
[BlackRD "98"]
[GameID "396852"]

1. e4 e5 2. Nf3 Nc6 3. Bb5 Nf6 4. O-O Be7 5. Re1 d6 6. d4 exd4 7. Nxd4 Bd7 8. Nc3 Nxd4 9. Qxd4 Bxb5 10. Nxb5 O-O
11. Bf4 a6 12. Nc3 Re8 13. Rad1 Nh5 14. Nd5 Nxf4 15. Nxf4 Bf6 16. Qb4 Be5 17. Nd5 Rb8 18. f4 Bf6 19. Kh1 c6 20. Nxf6+ Qxf6
21. Rxd6 Qxf4 22. Qd4 c5 23. Qd3 Rbc8 24. Qd5 Qe5 25. Rd7 Qxd5 26. Rxd5 c4 27. Kg1 b5 28. Re2 Kf8 29. Rh5 h6 30. Kf2 c3
31. bxc3 Rxc3 32. Rh3 Rxh3 33. gxh3 b4 34. Ke3 a5 35. Kd2 Rd8+ 36. Kc1 Rc8 37. Re3 Rc4 38. Kb2 a4 39. Kc1 h5 40. Kd2 Rd4+
41. Ke2 Ke7 42. h4 Ke6 43. Kf2 Rd2+ 44. Re2 Rxe2+ 45. Kxe2 Kd6 46. Kd3 Kc5 47. h3 f6 48. Ke2 Kd4 49. Kd1 Kxe4 50. Ke2 f5
51. Kf2 f4 52. Ke2 g6 53. Kf2 f3 54. c4 bxc3 55. Ke1 c2 56. Kd2 f2 57. Kxc2 f1=Q 58. Kc3 Qd3+ 59. Kb4 Kd5 60. Ka5 Kc5
61. Kxa4 Qb5+ 62. Ka3 Qb4#
0-1

[Event "2016 Standard Chess Dropout Tournament, Round 2"]
[Site "SchemingMind.com"]
[Date "2016.03.19"]
[Round "2"]
[White "Helga1946"]
[Black "Orange Lion"]
[Result "0-1"]
[WhiteCountry "GER"]
[BlackCountry "NED"]
[WhiteElo "2356"]
[WhiteRD "75"]
[BlackElo "2561"]
[BlackRD "113"]
[GameID "396853"]

1. e4 c5 2. Nf3 Nc6 3. d4 cxd4 4. Nxd4 e5 5. Nxc6 bxc6 6. Bc4 Nf6 7. Qe2 Bb4+ 8. c3 Be7 9. Bg5 d5 10. exd5 cxd5
11. Bb3 O-O 12. O-O h6 13. Ba4 hxg5
0-1

[Event "2016 Standard Chess Dropout Tournament, Round 2"]
[Site "SchemingMind.com"]
[Date "2016.03.16"]
[Round "2"]
[White "Holty"]
[Black "johanrientsop"]
[Result "0-1"]
[WhiteCountry "ENG"]
[BlackCountry "NED"]
[WhiteElo "1775"]
[WhiteRD "61"]
[BlackElo "1883"]
[BlackRD "86"]
[GameID "396854"]

1. d4 d5 2. Nf3 e6 3. e3 Nf6 4. Bd3 c5 5. b3 Nc6 6. Nbd2 cxd4 7. exd4 Bb4 8. a3 Bc3 9. Rb1 Bxd4 10. Nxd4 Nxd4
11. c3 Nc6 12. O-O O-O 13. f3 h6 14. b4 a6 15. Bb2 Ne5 16. Be2 b5 17. Nb3 Nc4 18. Bxc4 bxc4 19. Nc5 Nd7 20. Nxd7 Bxd7
21. Qd4 Qe7 22. Rfe1 Rfe8 23. Bc1 Bc6 24. Be3 Rab8 25. Bf4 Ra8 26. Bg3 Qa7 27. Qxa7 Rxa7 28. Bd6 Ba4 29. Kf2 Rd7 30. Bc5 f6
31. g4 Kf7 32. h4 e5 33. Kg3 d4 34. cxd4 exd4 35. Rxe8 Kxe8 36. Re1+ Kf7 37. Kf2 d3
0-1

[Event "2016 Standard Chess Dropout Tournament, Round 2"]
[Site "SchemingMind.com"]
[Date "2016.03.19"]
[Round "2"]
[White "John Hamer"]
[Black "Sebastian Strauchler"]
[Result "0-1"]
[WhiteCountry "ENG"]
[BlackCountry "ARG"]
[WhiteElo "2037"]
[WhiteRD "70"]
[BlackElo "2299"]
[BlackRD "107"]
[GameID "396855"]

1. d4 Nf6 2. Bf4 g6 3. Nf3 Bg7 4. e3 c5 5. c3 cxd4 6. exd4 O-O 7. Bd3 d6 8. O-O Nc6 9. Nbd2 e5 10. Bg5 Qc7
11. Nc4 Be6 12. dxe5 dxe5 13. Re1 Nd5 14. Qe2 Rfe8 15. Red1 h6 16. Be3 Rad8 17. Bc2 f5 18. Bb3= Nxe3 19. Qxe3 e4 20. Ne1 Kh7
21. Bc2 Bxc4
0-1

[Event "2016 Standard Chess Dropout Tournament, Round 2"]
[Site "SchemingMind.com"]
[Date "2016.03.18"]
[Round "2"]
[White "Jari Laine"]
[Black "Robert Bruce"]
[Result "1/2-1/2"]
[WhiteCountry "FIN"]
[BlackCountry "SCO"]
[WhiteElo "2221"]
[WhiteRD "100"]
[BlackElo "2258"]
[BlackRD "65"]
[GameID "396856"]

1. e4 Nf6 2. e5 Nd5 3. d4 d6 4. c4 Nb6 5. exd6 exd6 6. Nc3 Nc6 7. Nf3 Bg4 8. Be2 Be7 9. d5 Bxf3 10. Bxf3 Ne5
11. Be2 O-O 12. b3 f5 13. O-O f4 14. Bg4 Nxg4 15. Qxg4 Qd7 16. Qxd7 Nxd7 17. Nb5 Bd8 18. Rb1 f3 19. g3 Rf7 20. Re1 Ne5
21. Ba3 Rd7 22. Rbd1 a6 23. Nd4 b5 24. c5 dxc5 25. Ne6 Bf6 26. Nxc5 Rd6 27. Ne4 Rd7 28. Bb2 Ng4 29. Nxf6+ Nxf6 30. Bxf6 gxf6
31. Re3 c6 32. Rxf3 Rd6 33. Rc1 cxd5 34. Kf1 Kf7 35. Rc7+ Kg6 36. Re3 h5 37. Ree7 h4 38. Ke2 hxg3= 39. fxg3 Rdd8 40. Kd3 Rac8
41. Rxc8 Rxc8 42. Re6 Kf5 43. Rxa6 Rh8 44. Kd4 Rxh2 45. Kxd5 Rg2 46. Ra5 Kg4 47. Ra8 b4 48. Kc4 f5 49. Kxb4 Kxg3 50. Rg8+ Kf3
51. Rxg2=
1/2-1/2

[Event "2016 Standard Chess Dropout Tournament, Round 2"]
[Site "SchemingMind.com"]
[Date "2016.03.19"]
[Round "2"]
[White "Sebastian Strauchler"]
[Black "Brian Pott"]
[Result "1/2-1/2"]
[WhiteCountry "ARG"]
[BlackCountry "AUS"]
[WhiteElo "2293"]
[WhiteRD "107"]
[BlackElo "2224"]
[BlackRD "87"]
[GameID "396857"]

1. e4 e5 2. Nf3 Nc6 3. Bb5 a6 4. Ba4 Nf6 5. O-O Nxe4 6. d4 b5 7. Bb3 d5 8. dxe5 Be6 9. Nbd2 Bc5 10. Qe2 Nxd2
11. Bxd2 O-O 12. Rad1 Bg4 13. Qd3 Bxf3 14. Qxf3 Nxe5 15. Qf5 Nc4 16. Bg5 g6 17. Qxd5 Qxd5 18. Rxd5 Bd6 19. Bxc4 bxc4 20. Re1 Rfe8
21. Kf1 Rxe1+ 22. Kxe1 Re8+ 23. Kd2 Re5 24. Rxe5 Bxe5 25. c3 Kg7 26. Ke3 f5 27. g3 h6 28. Bd8 g5 29. h4 gxh4 30. Bxh4 Kf7
31. f3 h5 32. a3=
1/2-1/2

[Event "2016 Standard Chess Dropout Tournament, Round 2"]
[Site "SchemingMind.com"]
[Date "2016.03.16"]
[Round "2"]
[White "johanrientsop"]
[Black "echecs"]
[Result "0-1"]
[WhiteCountry "NED"]
[BlackCountry "ENG"]
[WhiteElo "1883"]
[WhiteRD "86"]
[BlackElo "1802"]
[BlackRD "67"]
[GameID "396858"]

1. d4 d6 2. e4 c6 3. c4 a6 4. Nf3 Bg4 5. Be2 e6 6. Nc3 Be7 7. h3 Bxf3 8. Bxf3 Nf6 9. O-O O-O 10. Bf4 Nbd7=
11. Qc2 e5 12. dxe5 dxe5 13. Be3 Qc7 14. a3 Rfe8 15. b4 Nb6 16. Be2 Rad8 17. c5 Nc8 18. Rac1 Na7 19. a4 Rd7 20. b5 axb5
21. axb5 Qb8 22. b6 Nc8 23. Ra1 Bf8 24. Ra4 Ne7 25. Rfa1 Qd8 26. Bc4 Ng6 27. Ne2 Qe7 28. Ng3 Red8 29. Nf5 Qe8 30. Ra7 Nf4
31. Bf1 Ne6 32. Bg5 Nxg5 33. Ba6 bxa6 34. R1xa6 Ngxe4 35. b7 Nxc5
0-1

[Event "2016 Standard Chess Dropout Tournament, Round 2"]
[Site "SchemingMind.com"]
[Date "2016.03.19"]
[Round "2"]
[White "Karsten Kjeldsen"]
[Black "Sahajaxx"]
[Result "0-1"]
[WhiteCountry "DEN"]
[BlackCountry "ENG"]
[WhiteElo "2217"]
[WhiteRD "100"]
[BlackElo "2291"]
[BlackRD "90"]
[GameID "396859"]

1. b3 e5 2. Bb2 Nc6 3. e3 Nf6 4. Bb5 e4 5. Bxf6 Qxf6 6. Nc3 Qg5 7. Nge2 Ne5 8. O-O Qh4 9. Nd4 c6 10. g3 Qh6
11. f4 exf3 12. Nxf3 Nxf3+ 13. Qxf3 cxb5 14. Qxf7+ Kd8 15. Nxb5 Be7 16. Nc7 Rb8 17. Nd5 Bd6 18. Qf5 b6 19. Qg4 Bb7 20. Rf7 Qe6
21. Qxg7 Bxd5 22. Qxh8+ Kc7 23. Qc3+ Kb7 24. Rf2 Qe4 25. Kf1 Be5 26. d4 Bg7 27. Ke1 Bh6 28. Qd3 Qxd3 29. cxd3 Bxe3 30. Re2 Re8
31. Kf1 Rf8+ 32. Ke1 Rf3 33. Rb1 Be6 34. Kd1 Bxd4 35. Kc2 h5 36. Rbe1 Bf5 37. Rd1 Bg4 38. Rc1 Rf5 39. Rg2 Bf3 40. Rd2 Rc5+
41. Kb1 Rxc1+ 42. Kxc1 Be3 43. Kc2 Kc6 44. Kc3 Bxd2+ 45. Kxd2 Kd5 46. Ke3 Bg4 47. a3 a5 48. d4 b5
0-1

[Event "2016 Standard Chess Dropout Tournament, Round 2"]
[Site "SchemingMind.com"]
[Date "2016.03.18"]
[Round "2"]
[White "kenneth m day"]
[Black "paulby"]
[Result "1-0"]
[WhiteCountry "USA"]
[BlackCountry "ENG"]
[WhiteElo "1716"]
[WhiteRD "52"]
[BlackElo "1670"]
[BlackRD "84"]
[GameID "396860"]

1. e4 e6 2. d4 d5 3. Nd2 dxe4 4. Nxe4 Bd7 5. Nf3 Bc6 6. Bd3 Nd7 7. O-O Ngf6 8. Ng3 Be7 9. Qe2 O-O 10. Bf4 Bxf3
11. Qxf3 c6 12. Rfe1 Qb6 13. Be5 Rad8 14. b3 a6 15. Qf4 Rfe8 16. Bc7 Qa7 17. Bxd8 Rxd8 18. c3 Nd5 19. Qd2 N7f6 20. c4 Nc7
21. c5 Rxd4 22. Bxh7+ Nxh7 23. Qxd4 Qb8 24. Rad1 Nd5 25. b4 Bf6 26. Qg4 Bc3 27. Re4 Nhf6 28. Qh4 Nxe4 29. Nxe4 Bxb4 30. Ng5 Nf6
31. Qxb4
1-0

[Event "2016 Standard Chess Dropout Tournament, Round 2"]
[Site "SchemingMind.com"]
[Date "2016.03.14"]
[Round "2"]
[White "klapa"]
[Black "peeuukoo"]
[Result "0-1"]
[WhiteCountry "POL"]
[BlackCountry "FIN"]
[WhiteElo "1310"]
[WhiteRD "74"]
[BlackElo "1831"]
[BlackRD "114"]
[GameID "396861"]

1. e4 e5 2. Nc3 Nf6 3. d4 exd4 4. Qxd4 Nc6 5. Qd3 Bc5 6. Nh3 d6 7. Nd5 Ne5 8. Qe2 c6 9. Nxf6+ gxf6 10. Bf4 Qb6
11. O-O-O Be6 12. Be3 Nc4 13. b3 Nxe3 14. fxe3 Bxe3+ 15. Kb1 O-O-O 16. Rd3 Bc5 17. g4 Bc4 18. g5 Bxd3 19. Qxd3 Bd4 20. gxf6 Bxf6
21. Nf4 Qa5 22. h4 Qe1+
0-1

[Event "2016 Standard Chess Dropout Tournament, Round 2"]
[Site "SchemingMind.com"]
[Date "2016.03.14"]
[Round "2"]
[White "KristianO"]
[Black "NYNH"]
[Result "0-1"]
[WhiteCountry "NOR"]
[BlackCountry "USA"]
[WhiteElo "1701"]
[WhiteRD "152"]
[BlackElo "1966"]
[BlackRD "88"]
[GameID "396862"]

1. d4 Nf6 2. c4 c5 3. d5 b5 4. cxb5 a6 5. bxa6 g6 6. Nc3 Bxa6 7. e4 Bxf1 8. Kxf1 d6 9. Nf3 Bg7 10. g3 O-O
11. Kg2 Nbd7 12. a4 Qa5 13. Bd2 Qa6 14. Re1 Ng4 15. Nb5 Rfc8 16. Ra2 Nge5 17. Nxe5 Nxe5 18. Qb3 c4 19. Qc2 Nd3 20. Rb1 Rab8
21. b4 cxb3 22. Qxb3 Nc5 23. Qc2 Ne6 24. Qd1 Nc5 25. Bg5 Nxe4 26. Bd2 Nf6 27. Bg5 Qa8 28. Bxf6 Bxf6 29. Qb3 Rc5 30. Rd1 Rbc8
31. f4 Rc1 32. Rxc1 Rxc1 33. Rc2 Rxc2+ 34. Qxc2 Qxd5+ 35. Kg1 Bd4+ 36. Nxd4 Qxd4+ 37. Kf1 e5 38. f5 Kg7 39. a5 Qa1+ 40. Kg2 Qxa5
41. Qf2 Qa8+ 42. Kg1 Qd8 43. g4 Qg5
0-1

[Event "2016 Standard Chess Dropout Tournament, Round 2"]
[Site "SchemingMind.com"]
[Date "2016.03.14"]
[Round "2"]
[White "lawyertheologian"]
[Black "klapa"]
[Result "1-0"]
[WhiteCountry "USA"]
[BlackCountry "POL"]
[WhiteElo "1985"]
[WhiteRD "97"]
[BlackElo "1356"]
[BlackRD "74"]
[GameID "396863"]

1. e4 e5 2. Nc3 Nf6 3. f4 Bd6 4. fxe5 Bxe5 5. d4 d5 6. dxe5 Nxe4 7. Nxe4 dxe4 8. Qxd8+ Kxd8 9. Bg5+ f6 10. exf6 Rg8
11. f7+ Kd7 12. fxg8=Q Nc6 13. O-O-O+ Nd4 14. Rxd4+ Kc6 15. Qd5+ Kb6 16. Rb4#
1-0

[Event "2016 Standard Chess Dropout Tournament, Round 2"]
[Site "SchemingMind.com"]
[Date "2016.03.14"]
[Round "2"]
[White "William Lindberg"]
[Black "smothered mate"]
[Result "1-0"]
[WhiteCountry "USA"]
[BlackCountry "POL"]
[WhiteElo "2366"]
[WhiteRD "67"]
[BlackElo "1967"]
[BlackRD "83"]
[GameID "396864"]

1. c4 e6 2. Nf3 d5 3. d4 c5 4. cxd5 exd5 5. Bg5 Nf6 6. Nc3 Be7 7. dxc5 Be6 8. e3 O-O 9. Rc1 Nc6 10. Be2 Bxc5
11. Nxd5 Qa5+ 12. Nc3 Ne4 13. O-O Nxc3 14. bxc3 Qxa2 15. Ra1 Qd5 16. Qc2 b6 17. Rfd1 Qb3 18. Qe4 Na5 19. Nd4 Bxd4 20. cxd4 Qd5
21. Qxd5 Bxd5 22. h4 h6 23. Bf4 Rfc8 24. Ba6 Rc2 25. Rdc1 Rxc1+ 26. Rxc1 Bb7 27. Bb5 Bd5 28. Bd3 Nb3 29. Rc3 Be6 30. Ba6 Rd8
31. Rc7 Rd7 32. Rc8+ Kh7 33. Bd3+ f5 34. Re8 Nxd4 35. exd4 Rxd4 36. Rxe6 Rxf4 37. g3 Rf3 38. Rd6 g5 39. Kf1 Kg7 40. h5 g4
41. Ke2 f4 42. Rg6+
1-0

[Event "2016 Standard Chess Dropout Tournament, Round 2"]
[Site "SchemingMind.com"]
[Date "2016.03.15"]
[Round "2"]
[White "Clive Everill"]
[Black "Gagar"]
[Result "1-0"]
[WhiteCountry "CZE"]
[BlackCountry "ENG"]
[WhiteElo "1669"]
[WhiteRD "60"]
[BlackElo "1576"]
[BlackRD "102"]
[GameID "396865"]

1. e4 e5 2. f4 exf4 3. Nf3 d6 4. d4 d5 5. exd5 Qxd5 6. Bxf4 Qe6+ 7. Be2 Bd6 8. Bd2 Nf6 9. O-O O-O 10. c4 Ne4
11. Be3 c5 12. d5 Qg6 13. Kh1 Bh3 14. gxh3 Ng3+ 15. hxg3 Qxg3 16. Rf2 Qxh3+ 17. Kg1 Re8 18. Qd3 Nd7 19. Nbd2 Bg3 20. Rg2 Ne5
21. Nxe5 Rxe5 22. Bf4 Bh2+ 23. Rxh2 Qxd3 24. Bxd3 Ree8 25. Bxh7+ Kh8 26. Kf2 g6 27. Bxg6+ Kg7 28. Be4 Kf6 29. Rh6+ Ke7 30. d6+ Kd7
31. Bxb7 Rab8 32. Ba6 Rh8 33. Bb5+ Rxb5 34. cxb5 Rxh6 35. Bxh6 Kxd6 36. Bf8+ Kd5 37. Rc1 c4 38. Nxc4 f6 39. b6 axb6 40. Nxb6+ Ke6
41. a4 Kf7 42. Rc8
1-0